| 000 | 01154naa a22003137a 4500 | ||
|---|---|---|---|
| 001 | BR8001965 | ||
| 003 | BR-BrBNA | ||
| 005 | 20240918174543.0 | ||
| 007 | ta | ||
| 008 | 230509b bl.||||| |||| 00| 0 por d | ||
| 040 |
_aBR-BrBNA _bpor _cBiblioteca Nacional de Agricultura |
||
| 041 | _a(Pt) | ||
| 072 |
_aF30 _b1000 _b3530 _bG514 |
||
| 090 | _aF30 BR8001965 | ||
| 100 | 1 | _aTeofilo Sobrinho, J. | |
| 245 | 1 | _aPropagacao dos citrus [Muda; Brasil] | |
| 246 | 1 | _a[Propagation of citruses [Seedling; Brazil]] | |
| 246 | 1 | _a[Brazilian citriculture] | |
| 260 | 3 |
_aCampinas, SP (Brasil): _c1980. |
|
| 500 | _aRodriguez, O.; Viegas, F. (eds.) Citricultura brasileira Campinas, SP (Brasil): 1980. v. 1 p. 297-318 (BR8001965-AM)F30 | ||
| 650 | _aMelhoramento genetico vegetal | ||
| 650 | _aFruta citrica | ||
| 650 | _aMuda | ||
| 650 | _aReproducao vegetal | ||
| 650 | _aViveiro | ||
| 773 | 0 |
_tCitricultura brasileira _aRodriguez, O.; Viegas, F.; Pompeu Junior, J.; Amaro, A.A. - Fundacao Cargill, Campinas, SP (Brasil) _b2. ed. _w1000 BR9207802 _gCampinas, SP (Brasil), 1991. _q2 v. |
|
| 909 |
_a202404 _bLucia _c55 _dLucia Elande |
||
| 942 |
_cAM _2AGRIS |
||
| 999 |
_c311963 _d311963 |
||